Structural surveying

Bibliographic Details
Main Author: Mika, Stephen
Other Authors: Desh, S. C.
Format: Book
Published: London : Macmillan Education , 1988
Edition:2nd ed.
Subjects:

MARC

LEADER 00000cam a2200000 7i4500
001 0000001678
005 20050614.0
020 |a 033331824 
040 |a INS 
090 0 0 |a TH153.   |b M55 1988 
100 1 |a Mika, Stephen 
245 1 0 |a Structural surveying   |c Stephen Mika 
250 |a 2nd ed. 
260 |a London :   |b Macmillan Education ,   |c 1988 
300 |a 177p ;   |c 24cm. 
650 0 0 |a Building Sites 
650 0 0 |a Real Property Surveys 
700 1 |a Desh, S. C. 
999 |a 0000003475   |b BOOK   |c Open Shelf   |e Default branch